00807nam a2200205 i 450000100060000000300090000600500170001500700030003200800410003510000270007624501640010325000150026726000340028230000460031670000480036270000200041085200320043099900170046295201220047978920ES-MaACL20230906173843.0t|041018s1969 sp ||||1| spa d1 aHeidrich, H. J.96234410aEnfermedades de las glándulas mamarias en los animales domésticos /cH.J. Heidrich, W. Renk ; traducción y prólogo Clemente Sánchez-Garnica y Montes. a[1ª ed.]. aBarcelona : bLabor, c[1969] aXVI, 508 p., 15 lám. : bil. ; c25 cm.1 aSánchez-Garnica Montes, Clemente.91026661 aRenk, W.996219 aES-MaACLjC-41822 bR.70695 c78920d78920 00104070aATENEOMbATENEOMcDEPO2d2008-01-17eSCl0oC-41822p1082533r2023-02-23 00:00:00w2023-02-23yMONOGRAFIA